000 00515nam a22001817a 4500
005 20230118113030.0
008 210301b ||||| |||| 00| 0 eng d
020 _a9788131522691
041 _aeng
082 _a543 SKO-F
100 _aSKOOG DOUGLASS A, WEST DONALD M HOLLER F JAMES AND CROUCH STANLEYR
_96451
245 _aFUNDAMENTALS OF ANALYTICAL CHEMISTRY
250 _a9'TH
260 _aNEW DELHI
_bCENGAGE LEARNING iNDIA
_c2019
300 _a1050,p.
650 _aPHARMACY
_xD.PHARMA
_97090
942 _cBK
999 _c7496
_d7494